Pays en fonction de la personnalité politique - Statistiques

Statistiques générales
  • Ce quiz a été pris 611 fois
    567 depuis la dernière actualisation
  • Le résultat moyen est 8 sur 14
Statistiques - réponses
Homme politique Pays % Correct
Emmanuel Macron France
100%
Donald Trump États-Unis
99%
Xi Jinping Chine
98%
Benjamin Netanyahu Israël
98%
Kim Jong Un Corée du Nord
96%
Vladimir Poutine Russie
96%
Volodymyr Zelensky Ukraine
96%
Nelson Mandela Afrique du Sud
95%
Angela Merkel Allemagne
94%
Mohammed VI Maroc
93%
Giorgia Meloni Italie
92%
Justin Trudeau Canada
90%
Recep Tayyip Erdoğan Turquie
89%
Mouammar Kadhafi Libye
87%
Lee Jae-myung Corée du Sud
86%
Luiz Inácio Lula da Silva Brésil
84%
Sanae Takaichi Japon
81%
Nicolae Ceaușescu Roumanie
81%
Javier Milei Argentine
79%
Viktor Orbán Hongrie
79%
Albert II Monaco
79%
Léon XIV Vatican
77%
Konstantínos Tasoúlas Grèce
76%
Mohammed ben Salmane Abdelaziz Al Saoud Arabie Saoudite
75%
Alexandre Loukachenko Biélorussie
74%
Gamal Abdel Nasser Égypte
74%
Mette Frederiksen Danemark
73%
Pedro Sánchez Espagne
72%
Jonas Gahr Støre Norvège
72%
Narendra Modi Inde
70%
Ali Khamenei Iran
70%
Marcelo Rebelo de Sousa Portugal
63%
Abdelmadjid Tebboune​​ Algérie
60%
Bart De Wever Belgique
57%
Keir Starmer Royaume-Uni
57%
Karol Nawrocki Pologne
55%
Mobutu Sese Seko République Démocratique du Congo
55%
Aung San Suu Kyi Birmanie
50%
Catherine Connolly Irlande
47%
Carl XVI Gustaf Suède
47%
Mohammed Bin Zayed Al Nahyan Émirats Arabes Unis
44%
Delcy Rodriguez Venezuela
44%
Claudia Sheinbaum Mexique
38%
Tamim Bin Hamad Al Thani Qatar
38%
Dick Schoof Pays-Bas
36%
Gustavo Petro Colombie
35%
Halla Tomasdottir Islande
35%
Guy Parmelin Suisse
35%
Denis Sassou-Nguesso République du Congo
32%
Andry Rajoelina Madagascar
29%
Kaïs Saïed Tunisie
29%
Abdel Latif Rashid Irak
26%
Luc Frieden Luxembourg
24%
Gabriel Boric Chili
23%
Anthony Albanese Australie
22%
Miguel Díaz-Canel Cuba
21%
Alexander Van der Bellen Autriche
19%
José Jerí Pérou
19%
Alexander Stubb Finlande
18%
Xavier Espot Zamora Andorre
17%
Assimi Goïta Mali
13%
Christopher Luxon Nouvelle-Zélande
10%
Anutin Charnvirakul Thaïlande
6%
Aucun quiz correspondant
Distribution des résultats
% des personnes avec chaque résultat
Percentile par nombre de réponses
Votre historique - résultats
Vous n’avez pas pris ce quiz depuis la dernière actualisation